[Event "RUS-ch Higher League (Women) 66th"]
[Site "Kolomna"]
[Date "2016.06.30"]
[Round "8"]
[White "Samdanova, Surena"]
[Black "Lysenko, Margarita"]
[Result "0-1"]
[WhiteElo "2060"]
[BlackElo "2097"]
[PlyCount "108"]
[EventDate "2016.06.22"]
[EventType "swiss"]
[EventRounds "9"]
[EventCountry "RUS"]
[SourceTitle "CBM 173 Extra"]
[Source "ChessBase"]
[SourceDate "2016.08.29"]
[SourceVersion "1"]
[SourceVersionDate "2016.08.29"]
[SourceQuality "1"]

1. e4 Nf6 2. e5 Nd5 3. d4 d6 4. c4 Nb6 5. exd6 cxd6 6. Nc3 g6 7. Be3 Bg7 8. Rc1 0-0 9. b3 Bf5 10. Nf3 d5 11. c5 Nc8 12. Be2 Nc6 13. Qd2 Bg4 14. 0-0 e6 15. Rfd1 N8e7 16. Bh6 Bxh6 17. Qxh6 Nf5 18. Qf4 Bxf3 19. Bxf3 Nfxd4 20. Bg4 e5 21. Qh6 f5 22. Bh3 Qd7 23. a3 a5 24. Rb1 Qf7 25. b4 axb4 26. axb4 Ra3 27. b5 Rxc3 28. bxc6 bxc6 29. Qd2 Rxc5 30. f4 Rc4 31. fxe5 Ne6 32. g3 Qa7+ 33. Kh1 Rb8 34. Qh6 Ng7 35. Qg5 Re8 36. Qf6 Qe7 37. Re1 Qxf6 38. exf6 Rxe1+ 39. Rxe1 Nh5 40. Bf1 Rc3 41. Re6 Kf7 42. Re7+ Kxf6 43. Rxh7 c5 44. Rd7 d4 45. Kg2 Ng7 46. Bb5 Ne6 47. Ba6 Rc2+ 48. Kg1 Ng5 49. h4 Ne4 50. Rc7 Nxg3 51. Rc6+ Kg7 52. Rc7+ Kh6 53. Rd7 c4 54. Rc7 d3 0-1

[Event "RUS-ch Higher League (Women) 66th"]
[Site "Kolomna"]
[Date "2016.06.27"]
[Round "5"]
[White "Maslova, Polina"]
[Black "Samdanova, Surena"]
[Result "1-0"]
[WhiteElo "2249"]
[BlackElo "2060"]
[PlyCount "98"]
[EventDate "2016.06.22"]
[EventType "swiss"]
[EventRounds "9"]
[EventCountry "RUS"]
[SourceTitle "CBM 173 Extra"]
[Source "ChessBase"]
[SourceDate "2016.08.29"]
[SourceVersion "1"]
[SourceVersionDate "2016.08.29"]
[SourceQuality "1"]

1. e4 c6 2. Nc3 d5 3. Nf3 dxe4 4. Nxe4 Nf6 5. Nxf6+ exf6 6. d4 Bd6 7. Bd3 0-0 8. 0-0 Bg4 9. b3 Na6 10. c3 Qc7 11. h3 Bh5 12. Bb2 Rfe8 13. Bf5 Qa5 14. Qd3 g6 15. Bg4 Bxg4 16. hxg4 h5 17. Nd2 Qd5 18. c4 Nb4 19. Qc3 Qg5 20. Nf3 Qf4 21. gxh5 g5 22. g3 Qf5 23. d5 Be7 24. Nd4 Qh7 25. a3 Nd3 26. dxc6 Nxb2 27. Qxb2 Qxh5 28. cxb7 Rab8 29. Qe2 g4 30. Rfe1 Rxb7 31. Nc6 Kf8 32. b4 f5 33. Rad1 Rb6 34. b5 Rb7 35. Rd5 Kg7 36. Qf1 Rh8 37. Qg2 Bxa3 38. Nd4 Qh7 39. Nxf5+ Kf6 40. Nh4 Re7 41. Rxe7 Bxe7 42. Rf5+ Kg7 43. Qb7 Kf8 44. Qb8+ Kg7 45. Qe5+ Kf8 46. Ng6+ Qxg6 47. Qxh8+ Qg8 48. Qxg8+ Kxg8 49. Rf4 Bf8 1-0

[Event "Buryatia-ch 3rd"]
[Site "Ulan-Ude"]
[Date "2015.01.09"]
[Round "9"]
[White "Zhaltsanov, Igor"]
[Black "Samdanova, Surena"]
[Result "0-1"]
[WhiteElo "1941"]
[BlackElo "1919"]
[PlyCount "86"]
[EventDate "2015.01.05"]
[EventType "swiss"]
[EventRounds "9"]
[EventCountry "RUS"]
[SourceTitle "CBM 164 Extra"]
[Source "ChessBase"]
[SourceDate "2015.03.02"]
[SourceVersion "1"]
[SourceVersionDate "2015.03.02"]
[SourceQuality "1"]

1. e4 c5 2. Ne2 Nc6 3. d4 cxd4 4. Nxd4 Nf6 5. Nc3 d6 6. Bc4 e6 7. 0-0 Be7 8. Bb3 a6 9. a4 0-0 10. f4 Bd7 11. Be3 Qa5 12. Qf3 Nxd4 13. Bxd4 e5 14. Be3 Rac8 15. h3 Bc6 16. Rad1 Qb4 17. Nd5 Nxd5 18. exd5 Bxa4 19. Bxa4 Qxa4 20. fxe5 Rxc2 21. Rd4 Rc4 22. Qe4 b5 23. Rf4 Bg5 24. Rg4 f5 25. exf6 Bxf6 26. Qe6+ Kh8 27. Rxc4 Qd1+ 28. Kh2 bxc4 29. Bf4 Bd4 30. Be3 Bxe3 31. Qxe3 Qxd5 32. Qc3 Qe5+ 33. Qxe5 dxe5 34. Rxc4 Kg8 35. Kg3 Rf6 36. Rc5 Re6 37. Kf3 Kf7 38. Ke4 Kf6 39. Rc8 Kg5 40. Rc7 Kf6 41. Rc8 Rb6 42. Rf8+ Kg6 43. Kxe5 Rxb2 0-1

[Event "Buryatia-ch 3rd"]
[Site "Ulan-Ude"]
[Date "2015.01.08"]
[Round "7"]
[White "Samdanova, Surena"]
[Black "Rovnov, Vladislav"]
[Result "1/2-1/2"]
[WhiteElo "1919"]
[BlackElo "1923"]
[PlyCount "220"]
[EventDate "2015.01.05"]
[EventType "swiss"]
[EventRounds "9"]
[EventCountry "RUS"]
[SourceTitle "CBM 164 Extra"]
[Source "ChessBase"]
[SourceDate "2015.03.02"]
[SourceVersion "1"]
[SourceVersionDate "2015.03.02"]
[SourceQuality "1"]

1. e4 e6 2. d4 d5 3. Nc3 Bb4 4. a3 Bxc3+ 5. bxc3 dxe4 6. Qg4 Nf6 7. Qxg7 Rg8 8. Qh6 Rg6 9. Qe3 c5 10. Ne2 Nc6 11. dxc5 e5 12. Ng3 Qd5 13. Be2 Ne7 14. 0-0 Nf5 15. Bb5+ Kf8 16. Qd2 Nxg3 17. Qxd5 Nxd5 18. fxg3 Nxc3 19. a4 Be6 20. Bd2 Nd5 21. c4 Ne7 22. a5 a6 23. Ba4 Bxc4 24. Rfb1 Bd5 25. Rb6 Rc8 26. Bb4 Kg8 27. Rd1 Rc7 28. Bc3 f6 29. Rxd5 Nxd5 30. Bb3 Rxc5 31. Bb4 Rc1+ 32. Kf2 Kh8 33. Bxd5 Rc2+ 34. Ke3 f5 35. Bd6 Rc3+ 36. Ke2 Rxd6 37. Rxd6 Ra3 38. g4 fxg4 39. Bxe4 Rxa5 40. Bxb7 Ra2+ 41. Ke3 a5 42. Re6 Rb2 43. Bd5 Kg7 44. Rxe5 Kf6 45. Re4 Kg5 46. Ra4 Rb5 47. Be4 h5 48. Bd3 Re5+ 49. Kd4 Re1 50. Rxa5+ Kh6 51. h3 gxh3 52. gxh3 Rh1 53. Bf5 Re1 54. Be4 Rf1 55. Ke3 Rg1 56. Kf4 Rg8 57. Ra6+ Kg7 58. Rg6+ Kf8 59. Rh6 Rg7 60. Rxh5 Rf7+ 61. Bf5 Kg7 62. Kg5 Rf8 63. Rh7+ Kg8 64. Re7 Kh8 65. Kg6 Rg8+ 66. Kh6 Rg3 67. Be6 Rg6+ 68. Kh5 Rh6+ 69. Kg5 Rg6+ 70. Kf5 Rf6+ 71. Kg4 Rg6+ 72. Kf4 Rf6+ 73. Bf5 Kg8 74. Kg5 Rf8 75. Kg6 Rd8 76. h4 Rd6+ 77. Kg5 Kf8 78. Rh7 Kg8 79. h5 Rd1 80. Rc7 Rg1+ 81. Kf6 Kh8 82. h6 Rg2 83. Kf7 Rg8 84. Re7 Rf8+ 85. Kg6 Rg8+ 86. Rg7 Re8 87. Rh7+ Kg8 88. Rf7 Kh8 89. Kf6 Kg8 90. Be6 Kh8 91. Bc4 Rc8 92. Bd3 Rd8 93. Bf5 Re8 94. Rh7+ Kg8 95. Ra7 Rf8+ 96. Kg6 Re8 97. Rf7 Kh8 98. Rf6 Rg8+ 99. Kh5 Re8 100. Be6 Rb8 101. Kg6 Re8 102. Kg5 Rb8 103. Rf7 Ra8 104. Kf6 Rb8 105. Rg7 Rf8+ 106. Ke5 Rf5+ 107. Kd6 Rf6 108. Rg8+ Kh7 109. Ke7 Rxe6+ 110. Kxe6 Kxg8 1/2-1/2

[Event "Buryatia-ch"]
[Site "Russia"]
[Date "2014.10.04"]
[Round "9"]
[White "Angarov, Dmitriy"]
[Black "Samdanova, Surena"]
[Result "1-0"]
[WhiteElo "2032"]
[BlackElo "1871"]
[PlyCount "59"]
[EventDate "2014.09.27"]
[EventType "swiss"]
[EventRounds "9"]
[EventCountry "RUS"]
[SourceTitle "EXT 2015"]
[Source "ChessBase"]
[SourceDate "2014.11.20"]
[SourceVersion "1"]
[SourceVersionDate "2014.11.20"]
[SourceQuality "1"]

1. e4 c5 2. Nf3 Nc6 3. Bb5 d6 4. 0-0 Bd7 5. Re1 Nf6 6. h3 a6 7. Bf1 e6 8. c3 Be7 9. d3 0-0 10. Nbd2 Qc7 11. g3 h6 12. Qe2 d5 13. Bg2 Rae8 14. Nf1 Bd8 15. e5 Nh7 16. h4 f6 17. Bf4 fxe5 18. Nxe5 Nxe5 19. Bxe5 Qb6 20. Nh2 Rf7 21. Qd2 Ref8 22. Re2 Bc7 23. Ng4 Rf5 24. Rae1 Qc6 25. Bxc7 Qxc7 26. Ne5 Be8 27. Bh3 Bh5 28. g4 Rf4 29. gxh5 Rxh4 30. Bxe6+ 1-0

[Event "Ulan-Ude Bajkal op 10th"]
[Site "Ulan-Ude"]
[Date "2014.08.13"]
[Round "9"]
[White "Samdanova, Surena"]
[Black "Mogloev, Alexander"]
[Result "1-0"]
[WhiteElo "1909"]
[BlackElo "1797"]
[PlyCount "83"]
[EventDate "2014.07.07"]
[EventType "swiss"]
[EventRounds "9"]
[EventCountry "RUS"]
[SourceTitle "CBM 161 Extra"]
[Source "ChessBase"]
[SourceDate "2014.08.29"]
[SourceVersion "1"]
[SourceVersionDate "2014.08.29"]
[SourceQuality "1"]

1. e4 c5 2. Nf3 e6 3. d4 cxd4 4. Nxd4 Nf6 5. Nc3 Nc6 6. Ndb5 d6 7. Bf4 Ne5 8. Qd4 a6 9. 0-0-0 Be7 10. Bxe5 axb5 11. Bxb5+ Bd7 12. Bxd7+ Qxd7 13. Bxd6 Bxd6 14. Qxd6 Qxd6 15. Rxd6 Ke7 16. Rhd1 e5 17. Rb6 Rhb8 18. Rb5 Ke6 19. a3 Ra6 20. Nd5 Rc6 21. Nxf6 gxf6 22. b3 Rbc8 23. c4 b6 24. Rd3 Rg8 25. Rg3 Rxg3 26. hxg3 f5 27. exf5+ Kxf5 28. Kc2 h5 29. Kc3 f6 30. a4 Kg4 31. a5 bxa5 32. Rxa5 h4 33. gxh4 Kxh4 34. b4 Kg4 35. c5 f5 36. Kc4 e4 37. b5 Rc8 38. Ra6 f4 39. Kd4 e3 40. fxe3 fxe3 41. Re6 Kf4 42. Re4+ 1-0

[Event "Buryatia-ch Superfinal 2nd"]
[Site "Ulan-Ude"]
[Date "2014.01.08"]
[Round "6"]
[White "Khantuev, Alexander"]
[Black "Samdanova, Surena"]
[Result "1-0"]
[WhiteElo "2312"]
[BlackElo "1839"]
[PlyCount "83"]
[EventDate "2014.01.05"]
[EventType "swiss"]
[EventRounds "9"]
[EventCountry "RUS"]
[SourceTitle "EXT 2015"]
[Source "ChessBase"]
[SourceDate "2014.11.20"]
[SourceVersion "1"]
[SourceVersionDate "2014.11.20"]
[SourceQuality "1"]

1. e4 c5 2. Nf3 Nc6 3. c3 Nf6 4. e5 Nd5 5. Bc4 e6 6. d4 cxd4 7. cxd4 Nb6 8. Bd3 d5 9. Nc3 Be7 10. h4 f6 11. Rh3 fxe5 12. Nxe5 Nxe5 13. dxe5 g6 14. h5 g5 15. h6 Nc4 16. Qh5+ Kd7 17. Bxc4 dxc4 18. Bxg5 Kc6 19. Qf3+ Kc7 20. Qf7 Re8 21. Qxh7 Bd7 22. Bxe7 Rxe7 23. Qe4 b5 24. Rd1 Qe8 25. h7 Bc6 26. Nxb5+ Kb6 27. Qe3+ Kxb5 28. h8Q Qxh8 29. Rxh8 Rxh8 30. Rd6 Rh1+ 31. Kd2 Ra1 32. Qc3 a5 33. Ke3 Bd5 34. Qd4 Rb7 35. f4 Re1+ 36. Kd2 Rf1 37. Rxd5+ exd5 38. Qxd5+ Kb6 39. Qd4+ Kb5 40. a4+ Kb4 41. Qd6+ Kxa4 42. Qc6+ 1-0

[Event "Ulan-Ude Buryatia-ch"]
[Site "Ulan-Ude"]
[Date "2013.08.23"]
[Round "2"]
[White "Samdanova, Surena"]
[Black "Mitypov, Bair"]
[Result "1/2-1/2"]
[WhiteElo "1832"]
[BlackElo "2224"]
[PlyCount "122"]
[EventDate "2013.08.22"]
[EventType "swiss"]
[EventRounds "9"]
[EventCountry "RUS"]
[SourceTitle "CBM 156 Extra"]
[Source "ChessBase"]
[SourceDate "2013.10.22"]
[SourceVersion "1"]
[SourceVersionDate "2013.10.22"]
[SourceQuality "1"]

1. e4 e5 2. Nf3 Nc6 3. Bc4 Bc5 4. d3 Nf6 5. c3 Bb6 6. 0-0 d6 7. a4 a6 8. Nbd2 0-0 9. h3 h6 10. Re1 Be6 11. b4 d5 12. exd5 Nxd5 13. Qb3 Nf4 14. Bxe6 fxe6 15. Nc4 Nxh3+ 16. gxh3 Rxf3 17. Nxb6 cxb6 18. Qxe6+ Kh8 19. Re3 Rf6 20. Qg4 Ne7 21. Rg3 Nf5 22. Rf3 Qd7 23. Be3 Raf8 24. Kh2 Qc7 25. Qe4 R8f7 26. a5 b5 27. Bc5 Nd6 28. Bxd6 Qxd6 29. Rxf6 Rxf6 30. Re1 Rxf2+ 31. Kg1 Rd2 32. Re3 Qf6 33. Rf3 Qg5+ 34. Qg4 Rd1+ 35. Kh2 Qd2+ 36. Qg2 Kg8 37. Rf2 Qxd3 38. Qxb7 Qg6 39. Rg2 Qf6 40. Qa8+ Rd8 41. Qe4 Qf4+ 42. Qxf4 exf4 43. Rg6 Rd2+ 44. Kg1 Rd3 45. Rxa6 Rxh3 46. Rc6 Rd3 47. a6 Rd1+ 48. Kf2 Ra1 49. Kf3 g5 50. Rxh6 Kg7 51. Rc6 Kf7 52. Rc7+ Kf6 53. a7 Kf5 54. Rc5+ Kf6 55. Kg4 Rg1+ 56. Kf3 Rf1+ 57. Kg4 Rg1+ 58. Kf3 Rf1+ 59. Kg4 Rg1+ 60. Kf3 Rf1+ 61. Kg4 Rg1+ 1/2-1/2